[Event "FINAL MISTRZOSTW POLSKI JUNIOROW 2018 - GRUPA  D18"]
[Site "Jastrzebia Gora"]
[Date "1899-12-30"]
[Round "6.3"]
[White "Guzik, Natalia"]
[Black "Frej, Zofia"]
[Result "1-0"]
[WhiteTitle "I++"]
[BlackTitle "k"]
[WhiteElo "1655"]
[BlackElo "2006"]

1. e4 d5 2. exd5 Nf6 3. d4 Nxd5 4. c4 Nf6 5. Nf3 Bf5 6. Nc3 e6 7. Bd3 Bxd3 8. Qxd3
Bd6 9. O-O O-O 10. Bg5 Nbd7 11. Rad1 h6 12. Bh4 Re8 13. Rfe1 Bb4 14. a3 Bxc3 15.
Qxc3 a6 16. Ne5 Nf8 17. Ng4 Ng6 18. Bxf6 gxf6 19. Nxh6+ Kg7 20. Ng4 Rh8 21. Rd3
Rh4 22. h3 Kg8 23. d5 e5 24. Rf3 Rxg4 25. hxg4 Qd7 26. Rxf6 Qxg4 27. Qf3 Qxf3
28. Rxf3 Rd8 29. b4 Kg7 30. Kf1 f6 31. g3 Ne7 32. Rd3 Nf5 33. f4 exf4 34. gxf4
Kf7 35. Rh3 Kg6 36. Kf2 Nd6 37. Rg1+ Kf5 38. Kf3 Ke4+ 39. Kxe4 1-0

[Event "FINAL MISTRZOSTW POLSKI JUNIOROW 2018 - GRUPA  D18"]
[Site "Jastrzebia Gora"]
[Date "1899-12-30"]
[Round "6.4"]
[White "Buchta, Agnieszka"]
[Black "Parol, Pola"]
[Result "1/2-1/2"]
[WhiteTitle "I++"]
[BlackTitle "k++"]
[WhiteElo "1762"]
[BlackElo "1917"]

1. e4 c6 2. d4 d5 3. Nc3 dxe4 4. Nxe4 Bf5 5. Ng3 Bg6 6. h4 h6 7. f4 e6 8. Nf3 Nd7
9. h5 Bh7 10. Bd3 Bxd3 11. Qxd3 Ne7 12. Bd2 Qc7 13. Qe2 O-O-O 14. Ne5 Nxe5 15.
dxe5 Nd5 16. O-O-O Kb8 17. Ne4 Be7 18. Kb1 Qb6 19. Rh3 c5 20. c4 Nb4 21. g4 Rd4
22. Bxb4 Rxd1+ 23. Qxd1 Qxb4 24. Nd6 Bxd6 25. Qxd6+ Kc8 26. Rd3 Qxc4 27. Qd7+
Kb8 28. Qd6+ Kc8 29. Qd7+ Kb8 30. Qd6+ Kc8 1/2-1/2

[Event "FINAL MISTRZOSTW POLSKI JUNIOROW 2018 - GRUPA  D18"]
[Site "Jastrzebia Gora"]
[Date "1899-12-30"]
[Round "6.5"]
[White "Kaczmarska, Joanna"]
[Black "Stebel, Agata"]
[Result "1-0"]
[WhiteTitle "k"]
[BlackTitle "k"]
[WhiteElo "1979"]
[BlackElo "1837"]

1. e4 e5 2. Nf3 Nf6 3. Nxe5 d6 4. Nf3 Nxe4 5. d3 Nf6 6. Be2 d5 7. d4 Bd6 8. Bg5
O-O 9. Nbd2 Bf5 10. Nf1 c5 11. Ne3 Be6 12. c3 c4 13. Ne5 h6 14. Bh4 Be7 15. Bxf6
Bxf6 16. f4 Nc6 17. Qd2 Qa5 18. Nf3 b5 19. f5 Bd7 20. Nxd5 Bd8 21. f6 b4 22. fxg7
Kxg7 23. Bxc4 Re8+ 24. Kf2 Be6 25. Ne3 Bxc4 26. Nxc4 Qd5 27. Ne3 Qa5 28. g4 Ne7
29. cxb4 Qb5 30. a4 Qd7 31. Nh4 Bb6 32. Nef5+ 1-0

[Event "FINAL MISTRZOSTW POLSKI JUNIOROW 2018 - GRUPA  D18"]
[Site "Jastrzebia Gora"]
[Date "1899-12-30"]
[Round "6.6"]
[White "Karykowska, Anna"]
[Black "Krzysztynska, Anna"]
[Result "1-0"]
[WhiteTitle "k"]
[BlackTitle "I"]
[WhiteElo "1950"]
[BlackElo "1759"]

1. e4 e5 2. Nf3 Nc6 3. Bc4 Bc5 4. c3 Nf6 5. d4 exd4 6. e5 d5 7. Bb5 Ne4 8. cxd4
Bb4+ 9. Bd2 Bxd2+ 10. Nbxd2 O-O 11. O-O Bg4 12. Bxc6 bxc6 13. Qc2 Nxd2 14. Nxd2
Qg5 15. Kh1 Rab8 16. f4 Qf5 17. Qc3 Rb6 18. Rf2 Qh5 19. Nb3 Rfb8 20. Nc5 Qh4 21.
Raf1 Bf5 22. b3 h6 23. Kg1 Qe7 24. Rc1 Bd7 25. f5 Rd8 26. f6 Qf8 27. Nxd7 Rxd7
28. Qh3 Rd8 29. e6 fxe6 30. fxg7 Qxg7 31. Qxe6+ Kh8 32. Rf7 Qg5 33. Rcf1 Rg8 34.
Qf6+ Qxf6 35. R1xf6 c5 36. dxc5 Rxf6 37. Rxf6 Kg7 38. Rc6 Rc8 39. Kf2 Rf8+ 40.
Ke3 Rf7 41. Kd4 Rd7 42. Ra6 h5 43. Rxa7 Kf6 44. b4 Rg7 45. Kxd5 c6+ 46. Kxc6 Rxa7
47. b5 Ke7 48. b6 Ra6 49. Kc7 Rxa2 50. b7 Ra7 51. Kc8 Ra5 52. c6 Rc5 53. c7 Rg5
54. b8=Q Rxg2 55. Qb4+ Kf6 56. Kb7 Rg7 57. Qd4+ Kg6 58. Qxg7+ 1-0

[Event "FINAL MISTRZOSTW POLSKI JUNIOROW 2018 - GRUPA  D18"]
[Site "Jastrzebia Gora"]
[Date "1899-12-30"]
[Round "6.7"]
[White "Dwilewicz, Agata"]
[Black "Gredka, Dominika"]
[Result "1/2-1/2"]
[WhiteTitle "k"]
[BlackTitle "I++"]
[WhiteElo "1846"]
[BlackElo "1725"]

1. e4 c5 2. Nf3 d6 3. d4 cxd4 4. Nxd4 Nf6 5. Nc3 a6 6. a4 e5 7. Nf3 Be7 8. Bc4
O-O 9. Qe2 Qc7 10. Bb3 Nbd7 11. Bg5 Nc5 12. Bxf6 Bxf6 13. Ba2 Ne6 14. O-O Nf4
15. Qe3 Rb8 16. a5 b5 17. axb6 Rxb6 18. g3 Nh3+ 19. Kg2 Rb8 20. Nd5 Qd8 21. b4
h6 22. Rfd1 Bg4 23. Rd3 Bg5 24. Nxg5 Nxg5 25. Qe1 Qd7 26. f3 Be6 27. h4 Nh7 28.
Ne3 Rb6 29. c4 Qb7 30. Rb1 Nf6 31. Kh2 Rb8 1/2-1/2

[Event "FINAL MISTRZOSTW POLSKI JUNIOROW 2018 - GRUPA  D18"]
[Site "Jastrzebia Gora"]
[Date "1899-12-30"]
[Round "6.8"]
[White "Leczek, Weronika"]
[Black "Trusz, Julia"]
[Result "1/2-1/2"]
[WhiteTitle "k"]
[BlackTitle "I+"]
[WhiteElo "1831"]
[BlackElo "1696"]

1. e4 c6 2. d4 d5 3. Nc3 dxe4 4. Nxe4 Nd7 5. Nf3 Ngf6 6. Nxf6+ Nxf6 7. Ne5 Bf5
8. c3 e6 9. g4 Bg6 10. h4 Nd7 11. Nxd7 Qxd7 12. h5 Be4 13. f3 Bd5 14. c4 Bxf3
15. Qxf3 Qxd4 16. Be2 Bc5 17. Rb1 e5 18. b4 Bd6 19. c5 Bc7 20. Bd2 e4 21. Qc3
Be5 22. Qxd4 Bxd4 23. Rh3 O-O-O 24. Bc3 Bxc3+ 25. Rxc3 g6 26. b5 cxb5 27. Rxb5
Kc7 28. Rcb3 Rb8 29. R5b4 f5 30. h6 Rhe8 31. c6 b6 32. Rd4 Re7 33. Bb5 a6 34.
Bxa6 Ra8 35. Ra4 fxg4 36. Bb5 Rxa4 37. Bxa4 Re5 38. Bb5 Rh5 39. a4 Rxh6 40. Re3
Rh1+ 41. Kf2 Rh2+ 42. Kg1 Rc2 43. Rxe4 h5 44. Re7+ Kd8 45. Rd7+ Kc8 46. Rg7 h4
47. Rxg6 Rc1+ 48. Kf2 Rc2+ 49. Ke3 g3 50. Kf3 Rc1 51. Kg2 Kc7 52. Rg4 Rc2+ 53.
Kf3 Rc3+ 54. Kf4 Rc1 55. Kf3 Rc3+ 56. Kg2 Rc2+ 57. Kf3 Rc3+ 58. Kg2 Rc2+ 59. Kg1
Rc1+ 60. Kg2 Rc2+ 1/2-1/2

[Event "FINAL MISTRZOSTW POLSKI JUNIOROW 2018 - GRUPA  D18"]
[Site "Jastrzebia Gora"]
[Date "1899-12-30"]
[Round "6.9"]
[White "Kindler, Karolina"]
[Black "Borkowska, Zuzanna"]
[Result "1-0"]
[WhiteTitle "I++"]
[BlackTitle "I+"]
[WhiteElo "1758"]
[BlackElo "1665"]

1. Nf3 d5 2. b3 c5 3. Bb2 Nc6 4. e3 Bg4 5. Be2 e6 6. d3 Nf6 7. c4 Be7 8. Nbd2 O-O
9. O-O Qc7 10. a3 Rad8 11. Re1 e5 12. cxd5 Rxd5 13. Qc2 Rfd8 14. Rad1 b5 15. h3
Bh5 16. Ne4 Nxe4 17. dxe4 Rxd1 18. Rxd1 Bxf3 19. Bxf3 Rxd1+ 20. Qxd1 Qd6 21. Qd5
Kf8 22. Be2 a6 23. a4 bxa4 24. bxa4 a5 25. Bc4 Nd8 26. Bxe5 Qxd5 27. Bxd5 c4 28.
Bxc4 Bb4 29. Bd5 f6 30. Bd4 Nf7 31. Bxf7 Kxf7 32. Kf1 Ke6 33. Ke2 g6 34. Kd3 Be1
35. f3 h5 36. Bc3 Kd5 1-0

[Event "FINAL MISTRZOSTW POLSKI JUNIOROW 2018 - GRUPA  D18"]
[Site "Jastrzebia Gora"]
[Date "1899-12-30"]
[Round "6.10"]
[White "Wojcik, Jagoda"]
[Black "Daliga, Anita"]
[Result "1-0"]
[WhiteTitle "I++"]
[BlackTitle "I+"]
[WhiteElo "1670"]
[BlackElo "1634"]

1. e4 c6 2. d4 d5 3. Nc3 dxe4 4. Nxe4 Bf5 5. Ng3 Bg6 6. h4 h6 7. Nf3 Nd7 8. h5
Bh7 9. Bd3 Bxd3 10. Qxd3 Qc7 11. Bd2 e6 12. O-O-O O-O-O 13. Qe2 Ngf6 14. Ne5 Nxe5
15. dxe5 Nd5 16. Kb1 Be7 17. f4 Rhe8 18. Ne4 f6 19. c4 Nb6 20. Ba5 c5 21. Nc3
Qc6 22. Nb5 Kb8 23. b3 a6 24. Na3 Rxd1+ 25. Rxd1 Nd7 26. Nc2 b6 27. Bc3 Kc8 28.
Qg4 Bf8 29. Qg6 Re7 30. exf6 gxf6 31. Bxf6 Nxf6 32. Qxf6 Qe8 33. Qe5 Rd7 34. Rxd7
Qxd7 35. Kc1 Bg7 36. Qe4 Kb8 37. g4 Qf7 38. Kd1 Qe8 39. Ke2 Qf7 40. Ke3 Qf6 41.
Qd3 Qe7 42. Qg6 Qf6 43. Qxf6 Bxf6 44. Ke4 Kc7 45. Ne1 Kd6 46. Nf3 b5 47. g5 Bg7
48. Nh2 Ke7 49. Ng4 hxg5 50. fxg5 Bh8 51. Ne5 Ke8 52. h6 1-0

[Event "FINAL MISTRZOSTW POLSKI JUNIOROW 2018 - GRUPA  D18"]
[Site "Jastrzebia Gora"]
[Date "1899-12-30"]
[Round "6.11"]
[White "Szelag, Zuzanna"]
[Black "Kostecka, Marika"]
[Result "1-0"]
[WhiteTitle "I++"]
[BlackTitle "k"]
[WhiteElo "1888"]
[BlackElo "1975"]

1. e4 c5 2. Nf3 d6 3. d4 cxd4 4. Nxd4 Nf6 5. Nc3 a6 6. Bg5 Nbd7 7. f4 Qc7 8. Qf3
h6 9. Bxf6 Nxf6 10. f5 Qc5 11. O-O-O g5 12. fxg6 Bg4 13. gxf7+ Kxf7 14. Qd3 Bxd1
15. Nxd1 e6 16. g3 Bg7 17. Bh3 Rae8 18. Rf1 b5 19. Ne3 h5 20. Ng2 Qc4 21. Nf4
Qxd3 22. Nxd3 Bh6+ 23. Kb1 Be3 24. Nf3 Kg7 25. e5 dxe5 26. Nfxe5 Rhf8 27. Re1
Nd5 28. Bg2 Bh6 29. Nd7 Rf5 30. Be4 Rf7 31. Bxd5 Bd2 32. Rd1 exd5 33. N7e5 Rf5
34. Nc6 Bg5 35. a3 Ref8 36. Ka2 Rf1 37. Rxf1 Rxf1 38. Ncb4 a5 39. Nxd5 Rh1 40.
h4 Bd2 41. Nc7 Rg1 42. Nxb5 Rxg3 43. Nd6 Rg4 44. c4 Rxh4 45. Nf5+ 1-0

[Event "FINAL MISTRZOSTW POLSKI JUNIOROW 2018 - GRUPA  D18"]
[Site "Jastrzebia Gora"]
[Date "1899-12-30"]
[Round "6.12"]
[White "Winter, Anna"]
[Black "Trybowska, Barbara"]
[Result "0-1"]
[WhiteTitle "I++"]
[BlackTitle "I++"]
[WhiteElo "1435"]
[BlackElo "1757"]

1. e4 e5 2. Nf3 Nc6 3. Bc4 Nf6 4. Ng5 d5 5. exd5 Na5 6. Bb5+ c6 7. dxc6 bxc6 8.
Qf3 Be7 9. Bxc6+ Nxc6 10. Qxc6+ Bd7 11. Qf3 O-O 12. Nc3 Ng4 13. Nh3 f5 14. d3
Rc8 15. Qe2 Bb4 16. Bd2 Qa5 17. O-O f4 18. f3 Nh6 19. Nf2 Rf5 20. a3 Bxc3 21.
Bxc3 Qb6 22. Kh1 Rh5 23. Bxe5 Re8 24. d4 Nf5 25. Kg1 Qg6 26. Ne4 Qh6 27. Qc4+
Be6 28. d5 Rxh2 29. dxe6 Rxg2+ 30. Kxg2 Ne3+ 31. Kf2 Qh2+ 32. Ke1 Nxc4 33. Bd4
Rxe6 34. Rg1 Qd2+ 0-1

[Event "FINAL MISTRZOSTW POLSKI JUNIOROW 2018 - GRUPA  D18"]
[Site "Jastrzebia Gora"]
[Date "1899-12-30"]
[Round "6.13"]
[White "Zamarska, Sylwia"]
[Black "Tkaczyk, Weronika"]
[Result "1-0"]
[WhiteTitle "I++"]
[BlackTitle "I++"]
[WhiteElo "1623"]
[BlackElo "1500"]

1. d4 Nf6 2. c4 e6 3. a3 b6 4. Nf3 Bb7 5. Bg5 Be7 6. e3 d5 7. Nc3 O-O 8. cxd5 Nxd5
9. Bxe7 Qxe7 10. Nxd5 Bxd5 11. Rc1 Rc8 12. Bc4 Bxc4 13. Rxc4 Nd7 14. Qc2 c5 15.
O-O Rd8 16. dxc5 Nxc5 17. b4 Na6 18. Nd4 Qb7 19. Rc1 h6 20. Rc6 Qd7 21. Nb3 Nc5
22. Nd4 Na6 23. Qe2 Qb7 24. Qc4 Rd7 25. Kf1 Rad8 26. Rc8 Kf8 27. Rxd8+ Rxd8 28.
Nb3 Rd7 29. Qc8+ Ke7 30. Nd4 Nb8 31. b5 a6 32. Qxb8 Qxb8 33. Nc6+ 1-0

[Event "FINAL MISTRZOSTW POLSKI JUNIOROW 2018 - GRUPA  D18"]
[Site "Jastrzebia Gora"]
[Date "1899-12-30"]
[Round "6.14"]
[White "Jurkiewicz, Zuzanna"]
[Black "Pedrak, Paulina"]
[Result "1/2-1/2"]
[WhiteTitle "I++"]
[BlackTitle "I"]
[WhiteElo "1534"]
[BlackElo "1446"]

1. e4 c5 2. Nf3 e6 3. d4 cxd4 4. Nxd4 a6 5. Nc3 Qc7 6. Be2 Bb4 7. O-O Nf6 8. Qd3
Nc6 9. Bd2 O-O 10. Bg5 Be7 11. Qe3 Nxd4 12. Qxd4 d6 13. Rfd1 Rd8 14. a4 b6 15.
Qe3 h6 16. Bh4 Bb7 17. Rd4 Bc6 18. Rad1 b5 19. axb5 axb5 20. Nxb5 Bxb5 21. Bxb5
Qxc2 22. R4d2 Qc7 23. Qe2 Qb7 24. Bd3 Ra5 25. Bg3 Rda8 26. h3 d5 27. exd5 Rxd5
28. Be5 Rc8 29. Qf3 Qb6 30. Bxf6 Bxf6 31. Bh7+ Kf8 32. Rxd5 exd5 33. Bf5 Rc7 34.
Qxd5 g6 35. Be4 Kg7 36. g3 Qxb2 37. h4 h5 38. Kg2 Qe5 39. Qxe5 Bxe5 40. Rd2 1/2-1/2

[Event "FINAL MISTRZOSTW POLSKI JUNIOROW 2018 - GRUPA  D18"]
[Site "Jastrzebia Gora"]
[Date "1899-12-30"]
[Round "6.15"]
[White "Surpeta, Julia"]
[Black "Przepiora, Anna"]
[Result "0-1"]
[WhiteTitle "I"]
[BlackTitle "I"]
[WhiteElo "1590"]
[BlackElo "1471"]

1. d4 d5 2. Nc3 Nf6 3. Bf4 c5 4. e3 Bf5 5. f3 e6 6. g4 Bg6 7. h4 h5 8. g5 Nfd7
9. Nb5 Na6 10. c3 Nb6 11. Bd3 Bxd3 12. Qxd3 Nc4 13. b3 Nd6 14. Nh3 Nxb5 15. Qxb5+
Qd7 16. Qxd7+ Kxd7 17. Be5 Rc8 18. O-O-O cxd4 19. Bxd4 Rg8 20. Be5 0-1

[Event "FINAL MISTRZOSTW POLSKI JUNIOROW 2018 - GRUPA  D18"]
[Site "Jastrzebia Gora"]
[Date "1899-12-30"]
[Round "7.1"]
[White "Kiolbasa, Oliwia"]
[Black "Guzik, Natalia"]
[Result "1-0"]
[WhiteTitle "WIM"]
[BlackTitle "I++"]
[WhiteElo "2170"]
[BlackElo "1655"]

1. e4 c5 2. Nf3 Nc6 3. d4 cxd4 4. Nxd4 g6 5. Be2 Bg7 6. Nb3 Nf6 7. Nc3 d6 8. O-O
O-O 9. Re1 Bd7 10. Bf1 Rc8 11. Nd5 Nxd5 12. exd5 Ne5 13. Bg5 Re8 14. c3 Nc4 15.
Bxc4 Rxc4 16. Qe2 Qc7 17. Qf3 Bg4 18. Qe3 Qb8 19. Nd2 Rcc8 20. Qg3 Bf5 21. Rxe7
Rc5 22. Qf3 Be5 23. g4 Rxe7 24. Bxe7 Bd7 25. Ne4 Rxd5 26. Ng5 Be6 27. Qh3 h5 28.
Nxe6 fxe6 29. gxh5 Kf7 30. Bh4 g5 31. Qf3+ Bf6 32. Bg3 Rf5 33. Qd3 Be5 34. Bxe5
dxe5 35. Qd7+ Kf6 36. Rd1 g4 37. Qd8+ Qxd8 38. Rxd8 e4 39. Rd7 Rxh5 40. Rxb7 a5
41. c4 Rc5 42. b3 Rc8 43. Rb5 a4 44. Kg2 e5 45. c5 axb3 46. axb3 Ke6 47. b4 Kd5
48. Rb6 Rf8 49. c6 e3 50. fxe3 Ke4 51. c7 Rc8 52. Rc6 Kxe3 53. b5 1-0

[Event "FINAL MISTRZOSTW POLSKI JUNIOROW 2018 - GRUPA  D18"]
[Site "Jastrzebia Gora"]
[Date "1899-12-30"]
[Round "7.2"]
[White "Antolak, Julia"]
[Black "Parol, Pola"]
[Result "1-0"]
[WhiteTitle "WFM"]
[BlackTitle "k++"]
[WhiteElo "2185"]
[BlackElo "1917"]

1. e4 c5 2. Nf3 d6 3. Bb5+ Nd7 4. O-O Ngf6 5. Re1 a6 6. Bd3 b5 7. c3 c4 8. Bc2
Bb7 9. b4 g6 10. d4 cxd3 11. Bxd3 Nb6 12. Be3 Bg7 13. Nbd2 O-O 14. h3 Na4 15.
Qb3 Rc8 16. Rac1 d5 17. e5 Nd7 18. Bd4 e6 19. Qb1 Bh6 20. Re2 Ndb6 21. Nh2 Nc4
22. Bxc4 dxc4 23. Ng4 Bg7 24. Ne4 Bxe4 25. Qxe4 Qg5 26. f4 Qf5 27. Qf3 Rfd8 28.
Ne3 Qh5 29. Qf2 Bf8 30. Ng4 Qf5 31. Nf6+ Kh8 32. g4 Qd3 33. Re3 Rxd4 34. Rxd3
Rxd3 35. Qh4 h6 36. Ne4 Rcd8 37. f5 Bg7 38. fxe6 fxe6 39. Rf1 Rd1 40. Kg2 Rxf1
41. Qxd8+ Rf8 42. Qe7 Nb2 43. Nf2 Nd3 44. Nxd3 cxd3 45. Qd6 Rc8 46. Qxd3 Bxe5
47. Qxg6 Bg7 48. Qxe6 Rxc3 49. Qxa6 Rc2+ 50. Kf3 Rc3+ 51. Ke4 Rxh3 52. Qxb5 Ra3
53. Qd5 Bc3 54. b5 Ra4+ 55. Kf5 Ra7 56. Qc5 Rf7+ 57. Ke6 Rf6+ 58. Ke7 Rf3 59.
Qd5 Re3+ 60. Kd7 Re2 61. b6 Rd2 62. Qxd2 Bxd2 63. b7 Bf4 64. Kc8 Kg7 65. a4 Kf6
66. a5 Kg5 67. a6 Kxg4 68. a7 h5 69. a8=Q h4 70. Qa1 Kg3 71. Qh1 1-0

[Event "FINAL MISTRZOSTW POLSKI JUNIOROW 2018 - GRUPA  D18"]
[Site "Jastrzebia Gora"]
[Date "1899-12-30"]
[Round "7.3"]
[White "Kindler, Karolina"]
[Black "Kaczmarska, Joanna"]
[Result "0-1"]
[WhiteTitle "I++"]
[BlackTitle "k"]
[WhiteElo "1758"]
[BlackElo "1979"]

1. Nf3 Nf6 2. b3 d5 3. Bb2 Bg4 4. e3 e6 5. Be2 Bd6 6. d4 c6 7. Nbd2 Nbd7 8. O-O
O-O 9. c4 Qe7 10. Ne5 Bf5 11. Ndf3 h6 12. Bd3 Ne4 13. Nxd7 Qxd7 14. Nh4 Bh7 15.
f3 Nf6 16. Bxh7+ Nxh7 17. f4 g5 18. fxg5 hxg5 19. Nf3 f6 20. Qd3 g4 21. Qg6+ Qg7
22. Nh4 Ng5 23. cxd5 cxd5 24. Rac1 f5 25. Qxg7+ Kxg7 26. g3 Rh8 27. Rc2 Rh6 28.
Bc1 Rh5 29. b4 Kf6 30. b5 Rah8 31. Bd2 Rxh4 32. gxh4 Rxh4 33. Be1 Rh3 34. Rg2
Nf3+ 35. Kf2 Nh4 36. Rg3 Bxg3+ 37. hxg3 Nf3 38. Ke2 Nxe1 39. Rxe1 Rxg3 40. Kf2
Rf3+ 41. Ke2 Rh3 42. a4 Rh2+ 43. Kd3 Ra2 44. Rh1 g3 45. Rh6+ Kg7 46. Rh3 g2 47.
Rg3+ Kf6 48. Kc3 f4 49. Rg4 f3 50. Kb3 Ra1 0-1

[Event "FINAL MISTRZOSTW POLSKI JUNIOROW 2018 - GRUPA  D18"]
[Site "Jastrzebia Gora"]
[Date "1899-12-30"]
[Round "7.4"]
[White "Frej, Zofia"]
[Black "Krzywnicka, Maria"]
[Result "1-0"]
[WhiteTitle "k"]
[BlackTitle "I++"]
[WhiteElo "2006"]
[BlackElo "1861"]

1. e4 c5 2. Nf3 d6 3. c3 Nf6 4. h3 Nc6 5. Bd3 d5 6. e5 c4 7. Bc2 Nd7 8. e6 fxe6
9. b3 Qc7 10. O-O Nce5 11. Re1 g6 12. bxc4 dxc4 13. Ba3 Bg7 14. Nd4 Nc5 15. Bxc5
Qxc5 16. Ba4+ Kf7 17. Re4 Rf8 18. Rf4+ Kg8 19. Rxf8+ Kxf8 20. Bc2 Kg8 21. a4 Bd7
22. Na3 b6 23. Be4 Rb8 24. Nf3 Bc6 25. Bxc6 Nxc6 26. Qe2 Na5 27. Qxe6+ Kh8 28.
Nb5 Nb3 29. Re1 Bf6 30. Nxa7 Ra8 31. Nc6 Rxa4 32. Qf7 Ra8 33. Nxe7 Bg7 34. Nd5
Qf8 35. Qxf8+ Rxf8 36. Nxb6 Rf4 37. Re8+ Bf8 38. Nd7 Kg7 39. Nxf8 Rxf8 40. Rxf8
Kxf8 41. Kf1 1-0

[Event "FINAL MISTRZOSTW POLSKI JUNIOROW 2018 - GRUPA  D18"]
[Site "Jastrzebia Gora"]
[Date "1899-12-30"]
[Round "7.5"]
[White "Buchta, Agnieszka"]
[Black "Karykowska, Anna"]
[Result "1/2-1/2"]
[WhiteTitle "I++"]
[BlackTitle "k"]
[WhiteElo "1762"]
[BlackElo "1950"]

1. e4 c5 2. Nc3 e6 3. f4 Nc6 4. Nf3 d5 5. exd5 exd5 6. Bb5 Nf6 7. O-O Be7 8. Ne5
Qc7 9. Bxc6+ bxc6 10. d3 O-O 11. Bd2 Ba6 12. Qf3 Nd7 13. Nxd7 Qxd7 14. b3 Rfe8
15. Rfe1 Bf6 16. Rad1 Qc7 17. Na4 Bb5 18. Nc3 Ba6 19. Na4 Bb5 20. Nc3 Ba6 1/2-1/2

[Event "FINAL MISTRZOSTW POLSKI JUNIOROW 2018 - GRUPA  D18"]
[Site "Jastrzebia Gora"]
[Date "1899-12-30"]
[Round "7.6"]
[White "Wojcik, Jagoda"]
[Black "Cieslak, Wiktoria"]
[Result "0-1"]
[WhiteTitle "I++"]
[BlackTitle "k++"]
[WhiteElo "1670"]
[BlackElo "1810"]

1. e4 c5 2. Nf3 d6 3. d4 Nf6 4. Nc3 cxd4 5. Nxd4 a6 6. Be2 e5 7. Nb3 Be6 8. f4
exf4 9. Bxf4 Nc6 10. Qd2 d5 11. O-O-O Bb4 12. Qe3 Bxc3 13. Qxc3 O-O 14. Nc5 d4
15. Qg3 Qa5 16. Bh6 Ne8 17. Nxe6 fxe6 18. Bc4 Rf6 19. Bf4 Qc5 20. e5 Rg6 21. Qb3
Nc7 22. Bd3 Rg4 23. Rhf1 Nxe5 24. Bxh7+ Kxh7 25. Qh3+ Kg8 26. Bxe5 Re4 27. Bxc7
Qxc7 28. Rfe1 Rc8 29. Qd3 Rxe1 30. Rxe1 Qf4+ 31. Qd2 Qf5 32. Kd1 e5 33. Qe2 Re8
34. Rf1 Qe6 35. Qe4 Qxa2 36. Qxb7 Qb1+ 37. Ke2 Qxc2+ 38. Ke1 Qc1+ 39. Kf2 Qe3#
0-1

[Event "FINAL MISTRZOSTW POLSKI JUNIOROW 2018 - GRUPA  D18"]
[Site "Jastrzebia Gora"]
[Date "1899-12-30"]
[Round "7.7"]
[White "Gredka, Dominika"]
[Black "Szelag, Zuzanna"]
[Result "0-1"]
[WhiteTitle "I++"]
[BlackTitle "I++"]
[WhiteElo "1725"]
[BlackElo "1888"]

1. e4 c5 2. c3 d5 3. exd5 Qxd5 4. d4 Nc6 5. Nf3 e6 6. Be2 Nf6 7. O-O cxd4 8. cxd4
Be7 9. Nc3 Qd6 10. Nb5 Qd8 11. Bf4 Nd5 12. Bg3 a6 13. Nc3 O-O 14. a3 b6 15. Rc1
Bb7 16. Bc4 Nxc3 17. Rxc3 Bf6 18. Rd3 Ne7 19. Be5 Nd5 20. Bxd5 Bxd5 21. Bxf6 Qxf6
22. Ne5 Rfc8 23. Rg3 Kh8 24. Nd7 Qd8 25. Qg4 g6 26. Ne5 Qf6 27. Qe2 Rc7 28. Qe3
Rac8 29. Rh3 b5 30. Qh6 Qg7 31. Qf4 f6 32. Ng4 f5 33. Ne5 Kg8 34. Qd2 Rc2 35.
Qb4 Qc7 36. a4 Rc1 37. Re3 bxa4 38. Qxa4 Rxf1+ 39. Kxf1 Qc1+ 40. Re1 Bxg2+ 41.
Kxg2 Qxe1 42. Qd7 Qe4+ 43. Kh3 Rf8 44. Qxe6+ Kh8 45. f3 Qa8 46. Kg2 Qc8 47. Nd7
Re8 48. Qf6+ Kg8 49. Ne5 Qe6 50. Qg5 Kg7 51. Qd2 Qd5 52. Qc3 Re7 53. Qa3 Rb7 54.
Qc3 Qb3 55. Qc5 Qxb2+ 56. Kg3 Qb6 57. Qd5 Qc7 58. Kh3 a5 59. Nc4 f4 60. Ne5 Qe7
61. Ng4 a4 62. Qa5 a3 63. d5 Qd7 64. Qc3+ Kg8 65. Qxa3 0-1

[Event "FINAL MISTRZOSTW POLSKI JUNIOROW 2018 - GRUPA  D18"]
[Site "Jastrzebia Gora"]
[Date "1899-12-30"]
[Round "7.8"]
[White "Krzysztynska, Anna"]
[Black "Dwilewicz, Agata"]
[Result "1/2-1/2"]
[WhiteTitle "I"]
[BlackTitle "k"]
[WhiteElo "1759"]
[BlackElo "1846"]

1. d4 d5 2. Bf4 Nf6 3. Nf3 c5 4. e3 Nc6 5. c3 Qb6 6. Qc2 cxd4 7. exd4 Bf5 8. Qb3
e6 9. Qxb6 axb6 10. Bb5 Nd7 11. O-O Be7 12. Nbd2 h6 13. h3 O-O 14. Rfe1 Nf6 15.
Ne5 Rfc8 16. Bh2 Na7 17. Be2 b5 18. a3 Bd6 19. Nf1 Bc2 20. Rec1 Bb3 21. Nd2 Bc4
22. Bf3 Bxe5 23. Bxe5 Bd3 24. Re1 Nd7 25. Bg3 Nc6 26. Re3 Bg6 27. Be2 b4 28. Bd6
bxc3 29. bxc3 Na5 30. Bb5 Nf6 31. f3 Nc4 32. Nxc4 dxc4 33. Re2 Nd5 34. Rc1 Bd3
35. Rb2 Rd8 36. Bb4 Nc7 37. Be7 Rd5 38. a4 Nxb5 39. axb5 b6 40. Re1 Ra7 41. Bb4
Rxb5 42. Re5 Rxe5 43. dxe5 b5 44. Bd6 Rb7 45. Ra2 Kh7 46. Kf2 Kg6 47. Ke3 f6 48.
f4 f5 49. Ra6 Bf1 50. Kf2 Bd3 51. Bb4 Kf7 52. Ra8 Be4 53. Ra2 Rd7 54. Bd6 Rd8
55. Ke3 Bd5 1/2-1/2

[Event "FINAL MISTRZOSTW POLSKI JUNIOROW 2018 - GRUPA  D18"]
[Site "Jastrzebia Gora"]
[Date "1899-12-30"]
[Round "7.9"]
[White "Stebel, Agata"]
[Black "Leczek, Weronika"]
[Result "0-1"]
[WhiteTitle "k"]
[BlackTitle "k"]
[WhiteElo "1837"]
[BlackElo "1831"]

1. d4 d5 2. Nf3 e6 3. g3 Nf6 4. Bg2 c6 5. O-O Nbd7 6. c4 Bd6 7. Qc2 O-O 8. Nc3
dxc4 9. e4 e5 10. Bg5 exd4 11. Nxd4 h6 12. Bxf6 Qxf6 13. Nce2 Be5 14. Qxc4 Nb6
15. Qb4 Rd8 16. Rad1 Bg4 17. f3 Bh5 18. g4 c5 19. Qxc5 Rac8 20. Qb5 Bxd4+ 21.
Nxd4 Rxd4 22. gxh5 Rcd8 23. Rxd4 Qxd4+ 24. Kh1 Nc4 25. Qb4 Qd3 26. Qb3 Qe2 27.
Qb5 Rd1 28. Kg1 Rd2 0-1

[Event "FINAL MISTRZOSTW POLSKI JUNIOROW 2018 - GRUPA  D18"]
[Site "Jastrzebia Gora"]
[Date "1899-12-30"]
[Round "7.10"]
[White "Borkowska, Zuzanna"]
[Black "Trusz, Julia"]
[Result "1/2-1/2"]
[WhiteTitle "I+"]
[BlackTitle "I+"]
[WhiteElo "1665"]
[BlackElo "1696"]

1. c4 c5 2. Nc3 Nf6 3. g3 b6 4. Nf3 Bb7 5. Bg2 e6 6. O-O Be7 7. d4 cxd4 8. Qxd4
d6 9. b3 a6 10. Bb2 O-O 11. e4 Nbd7 12. Rfd1 Rc8 13. Rac1 Qc7 14. h3 Qb8 15. Qe3
Rfe8 16. Nd4 Bf8 17. Kh2 g6 18. a3 Bg7 19. Nde2 h6 20. Qd2 Bf8 21. Qe3 Ba8 22.
a4 Kh7 23. Rc2 Be7 24. Rcd2 Red8 25. f4 Nc5 26. Nc1 Bb7 27. Rf2 Qa8 28. Re1 Qb8
29. Kg1 Qc7 30. Rd2 Kg7 31. Rf2 Kh7 1/2-1/2

[Event "FINAL MISTRZOSTW POLSKI JUNIOROW 2018 - GRUPA  D18"]
[Site "Jastrzebia Gora"]
[Date "1899-12-30"]
[Round "7.11"]
[White "Trybowska, Barbara"]
[Black "Zamarska, Sylwia"]
[Result "1-0"]
[WhiteTitle "I++"]
[BlackTitle "I++"]
[WhiteElo "1757"]
[BlackElo "1623"]

1. e4 d5 2. exd5 Nf6 3. Nc3 Nxd5 4. Nxd5 Qxd5 5. d4 Nc6 6. Be3 e5 7. dxe5 Qxe5
8. c3 Bc5 9. Nf3 Qe7 10. Qe2 Bxe3 11. Qxe3 Qxe3+ 12. fxe3 O-O 13. Bb5 Bd7 14.
O-O-O Rad8 15. Rd2 a6 16. Ba4 b5 17. Bb3 h6 18. Bd5 Rde8 19. e4 Ne5 20. Rf1 Bg4
21. Nxe5 Rxe5 22. Bxf7+ Kh8 23. Rdf2 Rxe4 24. Bg6 Rxf2 25. Rxf2 Re1+ 26. Kc2 Re2+
27. Rxe2 Bxe2 28. Kd2 Bc4 29. b3 Bd5 30. g3 Kg8 31. Kd3 Kf8 32. Kd4 Bb7 33. Be4
Bxe4 34. Kxe4 Ke8 35. Kd5 Kd7 36. Kc5 h5 37. h4 Kd8 38. Kc6 Kc8 39. a4 bxa4 40.
bxa4 Kb8 41. a5 Kc8 42. c4 Kb8 43. Kd7 c5 44. Kc6 Kc8 45. Kxc5 Kc7 46. Kd5 Kd7
47. c5 Kc7 48. c6 Kc8 49. Kd6 Kd8 50. c7+ Kc8 51. Kc6 g5 52. hxg5 h4 53. g6 1-0

[Event "FINAL MISTRZOSTW POLSKI JUNIOROW 2018 - GRUPA  D18"]
[Site "Jastrzebia Gora"]
[Date "1899-12-30"]
[Round "7.12"]
[White "Przepiora, Anna"]
[Black "Jurkiewicz, Zuzanna"]
[Result "1-0"]
[WhiteTitle "I"]
[BlackTitle "I++"]
[WhiteElo "1471"]
[BlackElo "1534"]

1. e4 d6 2. d4 g6 3. Nc3 Bg7 4. Be3 Nf6 5. f3 c6 6. a4 Nbd7 7. Bc4 O-O 8. Qd2 b6
9. Bh6 Bb7 10. Bxg7 Kxg7 11. Bb3 a6 12. Nge2 Qc7 13. O-O-O b5 14. h4 b4 15. Na2
c5 16. dxc5 dxc5 17. c4 Rad8 18. Qe3 Nb6 19. Rxd8 Rxd8 20. h5 Qe5 21. hxg6 fxg6
22. Nxb4 cxb4 23. Qxb6 Qg5+ 24. Kb1 Rd7 25. Qf2 Rd2 26. Rd1 Rxd1+ 27. Bxd1 Qd2
28. Qd4 Qxd4 29. Nxd4 e5 30. Ne6+ Kg8 31. Nc5 Bc6 32. Nd3 Nxe4 33. Nxe5 Bb7 34.
fxe4 Bxe4+ 35. Kc1 Bxg2 36. Bf3 Bh3 37. Nc6 h5 38. Nxb4 h4 39. Nd3 Kg7 40. c5
Kf6 41. c6 Bc8 42. Nf2 Ke5 43. b4 1-0